| 000 | 00551nam a2200193 4500 | ||
|---|---|---|---|
| 001 | 117703 | ||
| 003 | ES-MaACL | ||
| 005 | 20250407063114.0 | ||
| 007 | t| | ||
| 008 | 070214s1977 sp r ||||1| cat d | ||
| 100 | 1 |
_aPedrolo, Manuel de, _d1918-1991 _989937 |
|
| 245 | 1 | 3 |
_aLa terra prohibida / _cManuel de Pedrolo. |
| 250 | _a[1ยช ed.]. | ||
| 260 |
_aBarcelona : _bLaia, _c1977. |
||
| 300 |
_a262 p. ; _c20 cm. |
||
| 505 | 8 | _aContiene: V. II. La paraula dels botxins | |
| 852 |
_aES-MaACL _jA-7808 _bR.97077 |
||
| 999 |
_c117703 _d117703 |
||